New foundations for industrial sociology /

Gespeichert in:
Bibliographische Detailangaben
1. Verfasser: Vincent, Melvin James
Weitere Verfasser: Mayers, Jackson
Format: Buch
Sprache:English
Veröffentlicht: Princeton, N.J. : Van Nostrand Co., 1959.
Schriftenreihe:The Van Nostrand series in sociology
Schlagworte:
LEADER 00774nam a22002051 4500
001 c000371251
003 CARM
005 00000000000000.0
008 851211s1959 nju 0 eng d
019 1 |a 4183583 
100 1 |a Vincent, Melvin James. 
245 1 0 |a New foundations for industrial sociology /  |c by Melvin J.Vincent and Jackson Mayers. 
260 |a Princeton, N.J. :  |b Van Nostrand Co.,  |c 1959. 
490 0 |a The Van Nostrand series in sociology 
650 0 |a Industrial sociology. 
700 1 |a Mayers, Jackson. 
852 8 |b CARM  |h A2:AQ15A0  |i B07042  |p 0346671  |f BK 
082 0 4 |a 331.8 
999 f f |i 98b57608-75c6-5336-b1b3-af4c7fe5cf4a  |s 8bb77369-2991-5574-a4c3-fb46202a9be4 
952 f f |p Can circulate  |a CAVAL  |b CAVAL  |c CAVAL  |d CARM 1 Store  |e B07042  |f A2:AQ15A0  |h Other scheme  |i book  |m 0346671